000 00723nam a2200241 a 4500
005 20191224041727.0
008 140314t1996 py ||||gr|||| 00| 0 spa d
040 _aCO-BoIAVH
_cCO-BoIAVH
041 _aspa
044 _apy
082 0 4 _a363.70561
_bH46a
100 1 _aHeikel, María Victoria
245 1 _aAportes a una politica ambiental con perspectiva de género
260 _aParaguay
_bSSERNMA/MAG
_bGTZ
_c1996
300 _a50 paginas.
_c22 x 16 cm.
650 6 _aMedio ambiente
650 6 _aSalud
_vMujer
650 6 _aEducación
_vMujer
650 6 _aAcuerdos internacionales.
650 6 _aPolítica ambiental
942 _cLIBRO
_2ddc
_01
945 _d2004-10-07
999 _c4183
_d4183